Sanat - "Oi mikä ihana ilta" - J. Karjalainen - Statistics

Yleistilastot
  • Tätä visaa on pelattu 31 kertaa
  • Keskiarvotulos 84 / 107
Vastaustilastot
Vastaus % Oikein
Hän
100%
ihana
100%
ilta
100%
mikä
100%
monta
100%
Oi
100%
tapaa
100%
ystävää
100%
enemmän
95%
mitä
95%
Mut
95%
tapahtua
95%
vaan
95%
Voi
95%
että
90%
Joka
90%
jonkun
90%
olis
90%
tapais
90%
vielä
90%
toivoo
86%
istuu
71%
juo
62%
katselee
62%
kylmää
62%
olutta
62%
rantabaarissa
62%
laivoja
57%
ohitse
57%
He
52%
hiukset
52%
Jotka
52%
kaksi
52%
kohtaavat
52%
Lähtee
52%
laittaa
52%
lämpimään
52%
pyyhkeeseen
52%
toisensa
52%
ulos
52%
eroavat
48%
hetken
48%
hiljaa
48%
kietoo
48%
kyntensä
48%
Nämä
48%
niin
48%
Pitkät
48%
taas
48%
katsovat
43%
Sitten
43%
ilmaan
38%
kylpyammeesta
38%
nousee
38%
rantakadulla
38%
teilleen
38%
ylös
38%
Myöhemmin
33%
omilleen
29%
purjehtivat
29%
Ehtoja vastaavia visoja ei löytynyt
Tulosjakauma
Jokaisen tuloksen saaneiden osuus
Persentiili vastausten määrän mukaan
Tuloshistoriasi
Et ole pelannut tätä visaa